000
00298nam a2200133Ia 4500
005
20251222140026.0
008
251222s1900||||xx |||||||||||||| ||spa||
020
_a
84-206-5805-7
082
_a
121.2/K21
100
_a
Kant, Immanuel
245
0
_a
Antropología:
264
_b
Alianza
942
_c
LIB
999
_c
2782
_d
2782